00978nam a2200265 i 450000100060000000300090000600500170001500700030003200800410003502000180007624501350009425000120022926000340024130000300027549000440030565000200034965000280036970000320039770000310042970000400046083000510050085200220055199900170057395201220059022959ES-MaACL20250815034612.0t|021205s1973 sp ||||1| spa d a84-211-7260-300aAlquimia y ocultismo / cselección de textos y [traducción], Víctor Zalbidea, Victoria Paniagua, Elena Fernández de Cerro. a1ª ed. aBarcelona : bBarral, c1973. a421 p. : bil. ; c19 cm.1 aEdiciones de bolsillo. Historia ; v260 4aAlquimia.99742 7aOcultismo2embne9156811 aZalbidea, Víctor.91178731 aPaniagua, Victoria.9887821 aFernández de Cerro, Elena.94964810aEdiciones de bolsillo. pHistoriav2609181166 aES-MaACLjC-52040 c22959d22959 00104070aATENEOMbATENEOMcDEPO2d2008-01-17eSCl0oC-52040p1023650r2023-02-23 00:00:00w2023-02-23yMONOGRAFIA